000 00919nam a22002417a 4500
005 2012011008388.0
008 120110t xxu||||| |||| 00| 0 eng d
010 _aENG-104665
020 _a9788120344891
_c695.00
035 _aEN-88198
037 _bDBAD/PUB
040 _aDPL
_bEng
082 _a004.682
100 1 _aHolme, Dan
_938729
245 1 0 _aMcts self-paced training kit (exam 70-667) :
_bconfiguring microsoft sharepoint 2010 /
_cby Dan Holme [and] Alistair Matthews
260 _aNew Delhi
_bPHI Learning
_c2012
270 _aM-97, Connaught Circus
_bNew Delhi
_e110001
300 _axxxi,821p. :
_bill.
_c24cm(pbk)
_e1CD-ROM
700 _aMatthews, Alistair
_938730
942 _2ddc
_cEN
_h004.682
_mHOL
999 _c60569
_d60569